000
00311nam a2200121Ia 4500
008
190216s9999||||xx |||||||||||||| ||und||
100
_a
Varadarajan M
245
0
_a
Makes Of Indian Literature Ilango Adigal
260
_b
Sahithya Akademi
_c
1967
300
_a
72p
650
_a
English Literature
942
_c
BK
999
_c
12158
_d
12158